Biggest Countries By Population In Europe - Statistics

General Stats
  • This quiz has been taken 28 times
  • The average score is 14 of 15
Answer Stats
Hint Answer % Correct
65,000,000 France
100%
83,500,000 Germany
100%
60,000,000 Italy
100%
37,500,000 Poland
100%
19,000,000 Romania
100%
145,500,000 Russia
100%
46,500,000 Spain
100%
68,000,000 United Kingdom
100%
11,500,000 Belgium
96%
17,000,000 Netherlands
96%
43,000,000 Ukraine
96%
10,000,000 Greece
92%
10,000,000 Portugal
92%
10,000,000 Sweden
92%
10,500,000 Czech Republic
81%
No matching quizzes found
Score Distribution
Percent of People with Each Score
Percentile by Number Answered
Your Score History
You have not taken this quiz